The Myths of the new World
| Main Author: | |
|---|---|
| Format: | Book |
| Language: | Undetermined |
| PhysicalDescription: | 331 s. |
| Published: |
New York
Greenwood Press
/1969/
|
MARC
| LEADER | 00000nam a2200000 a 4500 | ||
|---|---|---|---|
| 001 | vtls001348269 | ||
| 003 | SK-MaSNL | ||
| 005 | 20260301200800.0 | ||
| 008 | 240318s1969 xx 0 und | ||
| 035 | |a SNK000301548 | ||
| 040 | |a SNK |b slo |c SNK |e AACR2 | ||
| 100 | 1 | |a Brinton, Daniel |4 aut |9 580415 | |
| 245 | 1 | 4 | |a The Myths of the new World |
| 260 | |a New York |b Greenwood Press |c /1969/ | ||
| 300 | |a 331 s. | ||
| 958 | |a OND | ||
| 999 | |c 892017 |d 893947 | ||
| 952 | |t P60, <04>, [BOOK], {604} |a SNK |b SNK |y VYP |7 0 |p 17A0169708 |o snkIC 51353 |0 0 |1 0 |4 0 |d 1998-11-14 |l 0 |r 2005-01-02 00:00:00 |w 2026-02-24 | ||


